Movie Alphabet U - Statistics

General Stats
  • This quiz has been taken 42 times
    10 since last reset
  • The average score is 10 of 16
Answer Stats
Picture Answer % Correct
The Usual Suspects
100%
Up
100%
Us
100%
The Untouchables
90%
Unforgiven
90%
Unbreakable
80%
Uncle Buck
70%
Uncut Gems
60%
Under the Tuscan Sun
60%
Up in the Air
50%
Urban Legend
50%
Uncharted
40%
UHF
30%
Unbroken
30%
Under Heavy Fire
20%
Universal Soldier
20%
No matching quizzes found
Score Distribution
Percent of People with Each Score
Percentile by Number Answered
Your Score History
You have not taken this quiz since the last reset